000 01279nam a2200313Ia 4500
001 ebr10318413
003 CaPaEBR
006 m u
007 cr cn|||||||||
008 060524s2006 mau sb 001 0 eng d
010 _z 2006043740
020 _z9780674032064
020 _z0674023617
020 _z9780674023611
040 _aCaPaEBR
_cCaPaEBR
035 _a(OCoLC)646814789
050 1 4 _aLB2283
_b.Z56 2006eb
100 1 _aZimmerman, Jonathan,
_d1961-
245 1 0 _aInnocents abroad
_h[electronic resource] :
_bAmerican teachers in the American century /
_cJonathan Zimmerman.
260 _aCambridge, MA :
_bHarvard University Press,
_c2006.
300 _ax, 300 p.
504 _aIncludes bibliographical references (p. 225-289) and index.
533 _aElectronic reproduction.
_bPalo Alto, Calif. :
_cebrary,
_d2009.
_nAvailable via World Wide Web.
_nAccess may be limited to ebrary affiliated libraries.
650 0 _aEducational exchanges
_zUnited States
_xHistory
_y20th century.
650 0 _aTeachers
_zUnited States
_xHistory
_y20th century.
655 7 _aElectronic books.
_2local
710 2 _aebrary, Inc.
856 4 0 _uhttp://site.ebrary.com/lib/rucke/Doc?id=10318413
_zAn electronic book accessible through the World Wide Web; click to view
999 _c168675
_d168675